|
|
|
|
| LEADER |
00000nam a22000007a 4500 |
| 005 |
20191010233031.0 |
| 007 |
cr|||| |||| |
| 008 |
191010s2015 br |||||s|||| 00||0 por d |
| 020 |
|
|
|a 978-85-69220-02-2
|
| 035 |
|
|
|a 30552
|
| 040 |
|
|
|a vLex
|
| 090 |
|
|
|c 9784
|d 9784
|
| 100 |
1 |
|
|a Valim, Rafael
|
| 245 |
1 |
1 |
|a A subvenȯ̂ no direito administrativo brasileiro
|h [Recurso electrn̤ico] /
|c Rafael Valim
|
| 256 |
|
|
|a Servicio en ln̕ea
|
| 260 |
|
|
|a San Pablo:
|b Editora ContraCorrente,
|c 2015
|
| 300 |
|
|
|a 1 recurso electrn̤ico
|
| 500 |
|
|
|a “A Subvenȯ̂ No Direito Administrativo Brasileiro”, livro escrito pelo Professor Rafael Valim e que integra a Biblioteca de Direito Administrativo. Ao longo da histr̤ia, o embate entre autoridade e liberdade dominou as investigaė̳s no Direito Administrativo, o que eclipsou a atividade administrativa de fomento. Entre os diversos assuntos abordados com eloqun̊cia e rigor cientf̕ico, o autor destaca que a subvenȯ̂ gera um direito adquirido em favor do subvencionado, o que afasta a suposta precariedade do instituto e impede que o ente subvencionador possa revog-̀la a qualquer tempo.
|
| 506 |
1 |
|
|a Disponible solo en los productos indicados
|d vLex Global
|d vLex Global (Academic Edition, excluding Law Schools)
|d vLex Global (U.S. Academic Edition, Law Schools)
|d vLex Global (U.S. Academic Edition, excluding Law Schools)
|d vLex Global (Academic Edition, Law Schools)
|
| 650 |
0 |
4 |
|a Derecho Pb︢lico y Administrativo
|z Brasil
|
| 740 |
0 |
|
|a vLex Libros (Servicio en ln̕ea)
|
| 856 |
4 |
0 |
|u http://vlex.com/source/subven-o-no-direito-administrativo-brasileiro-30552
|z Acceso restringido
|
| 942 |
|
|
|c BOOK
|
| 999 |
0 |
|
|a Public and Administrative Law
|